Grywalne rasy z uniwersum SpellForce - Statystyki

Ogólne statystyki
  • Ten quiz został rozwiązany 12 razy
  • Średni wynik to 8 z 13
Statystyki odpowiedzi
Frakcja Rasa % Poprawnych
Królestwo Elfy
100%
Królestwo Ludzie
100%
Klany Orkowie
100%
Królestwo Krasnoludy
91%
Klany Trolle
82%
Pakt Mroczne Elfy
73%
Szaikanie Ostrza
55%
Klany Barbarzyńcy
45%
Pakt Cienie
45%
Szaikanie Smoki
45%
Bezimienni Bezimienni
36%
Pakt Gargulce
36%
Szaikanie Szaikanie
36%
Nie znaleziono quizów pasujących do podanych kryteriów
Rozkład punktacji
Procent ludzi z każdym wynikiem
Percentyl według liczby udzielonych odpowiedzi
Twoja historia wyników
Nie rozwiązałeś tego quizu